| 000 | 01261nam a2200301 i 4500 | ||
|---|---|---|---|
| 003 | EG-GICUC | ||
| 005 | 20260418111300.0 | ||
| 008 | 260418s2005 ua |||frb||| 00| 0 ara d | ||
| 040 |
_a EG-GICUC _bara _c EG-GICUC _d EG-GICUC _erda |
||
| 082 | 0 | 4 |
_221 _a343.112.21. 044 _bأ ح . ح |
| 092 | 0 | 4 | _221 |
| 099 | _aLaw1 10 343.112.21.044 أ ح . ح 2005 | ||
| 100 | 1 |
_aأحمد محمد محمود على خلف _eمؤلف. |
|
| 245 | 1 | 2 |
_aالحماية الجنائية للمستهلك : _bفي القانون المصري والفرنسي والشريعة الإسلامية / _cالدكتور أحمد محمد محمود علي خلف. |
| 264 | 1 |
_aالإسكندرية : _bدار الجامعة الجديدة، _c2005. |
|
| 300 |
_a581 ؛ صفحة _c24 سم |
||
| 336 |
_2rda content _atext |
||
| 337 |
_2rda media _aComputer |
||
| 338 |
_2rda carrier _aOnline Resource |
||
| 504 | _a541-581. ببليوجرافيا: صفحات. | ||
| 546 | _aالنص باللغة العربية | ||
| 650 | 1 | 4 |
_aالحماية الجنائية للمستهلك _2qrmak |
| 650 | 1 | 4 | _aقانون العقوبات القسم العام |
| 651 | 1 | _2qrmak | |
| 856 | 4 | 0 | _uhttps://fll.law.cu.edu.eg/fulltext/bks/B10-02449.pdf |
| 905 | _a161 | ||
| 942 |
_2ddc _cBK _e21 _n0 |
||
| 999 |
_c71623 _d71623 |
||